|
|
|
|
| LEADER |
00000nam0a2200000 4500 |
| 001 |
296857 |
| 005 |
20231102000941.0 |
| 010 |
|
|
|a 9785915223966
|
| 035 |
|
|
|a (RuTPU)RU\TPU\book\321965
|
| 090 |
|
|
|a 296857
|
| 100 |
|
|
|a 20150603d2015 m y0rusy50 ca
|
| 101 |
0 |
|
|a rus
|
| 102 |
|
|
|a RU
|
| 105 |
|
|
|a a j 000zy
|
| 200 |
1 |
|
|a Физика кристаллизации
|e [учебное пособие]
|f Л. Н. Рашкович
|
| 210 |
|
|
|a Москва
|c Научный мир
|d 2015
|
| 215 |
|
|
|a 102 с.
|c ил.
|
| 330 |
|
|
|a В учебном пособии приведены классические представления о фазовом равновесии и диаграммах состояния, образовании кристаллов, структуре поверхности, механизмах и кинетике роста кристаллов. Но основное содержание книги - обсуждение новых экспериментальных данных о явлениях, происходящих на поверхности растущих кристал- лов, что приводит к современному пониманию роли термодинамики и кинетики в процессе кристаллизации. Эти знания необходимы для разработки новых методов и приемов выращивания бездефектных кристаллов, применяемых в различных областях техники.
|
| 606 |
1 |
|
|a Кристаллизация
|x Физика
|2 stltpush
|3 (RuTPU)RU\TPU\subj\16302
|9 42427
|
| 610 |
1 |
|
|a кристаллы
|
| 610 |
1 |
|
|a фазовое равновесие
|
| 610 |
1 |
|
|a зарождение
|
| 610 |
1 |
|
|a рост
|
| 610 |
1 |
|
|a двумерные зародыши
|
| 610 |
1 |
|
|a дефекты
|
| 675 |
|
|
|a 548.5:53(07)
|v 4
|
| 700 |
|
1 |
|a Рашкович
|b Л. Н.
|g Леонид Николаевич
|
| 801 |
|
1 |
|a RU
|b 63413507
|c 20150603
|
| 801 |
|
2 |
|a RU
|b 63413507
|c 20151008
|g RCR
|
| 900 |
|
|
|a Физика твердого тела
|
| 900 |
|
|
|a Кристаллография
|
| 942 |
|
|
|c BK
|
| 959 |
|
|
|a 79/20150528
|d 3
|e 180,00
|f ЧЗТЛ:1
|f УФ:2
|